书目信息 |
| 题名: |
十日谈
|
|
| 作者: | 卜迦丘 著 | |
| 分册: | ||
| 出版信息: | 哈尔滨 哈尔滨出版社 2000.02 |
|
| 页数: | 603页 | |
| 开本: | 32开 | |
| 丛书名: | ||
| 单 册: | ||
| 中图分类: | I546.43 | |
| 科图分类: | ||
| 主题词: | 文学 | |
| 电子资源: | ||
| ISBN: | 7-80639-314-5 | |
| 000 | 00522nam0 2200193 45 | |
| 001 | 0001151291 | |
| 005 | 20000115125346.4 | |
| 010 | @a7-80639-314-5@d18.80元 | |
| 100 | @a20000115d2000 km y0chiy0120 ea | |
| 101 | 0 | @achi |
| 105 | @a z 000yy | |
| 200 | 1 | @a十日谈@AShi Ri Tan@f(意)卜迦丘著@F(Yi)Bo Jia QiuZhu |
| 210 | @a哈尔滨@c哈尔滨出版社@d2000.02 | |
| 215 | @a603页@d32开 | |
| 606 | 0 | @a文学 |
| 690 | @aI546.43@v3 | |
| 701 | 0 | @a卜迦丘@4著 |
| 801 | @aCN@bPftUser@c20000115 | |
| 905 | @b401282-284@dI546.43@eB681/1@f3 | |
| 十日谈/(意)卜迦丘著.-哈尔滨:哈尔滨出版社,2000.02 |
| 603页;32开 |
| ISBN 7-80639-314-5:18.80元 |
| ● |
| 相关链接 |
|
|
|
正题名:十日谈
索取号:I546.43/B681/1
 
预约/预借
| 序号 | 登录号 | 条形码 | 馆藏地/架位号 | 状态 | 备注 |
| 1 | 401282 | 204012825 | 文学库116/400B社科库 26排2列2层/ [索取号:I546.43/B681/1] | 在馆 | |
| 2 | 401283 | 204012834 | 社科二线422/422社科库 31排4列1层/ [索取号:I546.43/B681/1] | 在馆 | |
| 3 | 401284 | 204012843 | 文学库116/400B社科库 26排2列2层/ [索取号:I546.43/B681/1] | 在馆 |